000 00584nam a22002177a 4500
001 00027932
005 20260122115210.0
008 260122b ag a|||| |||| 00| 0 spa d
020 _a9789876420877
040 _aAR-CcCEOS
_bspa
_cAR-CcCEOS
041 _aspa
080 _a372.4
090 _bKAU
100 1 _aKaufman, Ruth,
_d1961-
_9201
245 1 3 _aMiro miro y aprendo :
_b3 /
_cRuth Kaufman
250 _a1ª ed.
260 _aBuenos Aires :
_bedlvives,
_c2014
300 _a304 p. :
_bil. a col. ;
_c22x27 cm.
655 0 _aenseñanza primaria
_9202
942 _2udc
_cBK
_n0
999 _c27941
_d27941